1486 1896 1260 1730 1117 1839 1321 1269 1101 1292 1449 1426 1117 1510 1311 1559 1733 1336 1914 1761 1493 1948 1286 1766 1462 1923 1862 1158 1164 1050 1436 1273 1064 1162 1675 1008 1523 1983 1173 1197 1805 1548 1469 1646 1373 1108 1305 1979 1991 1348 1062 1834 1314 1395 1565 1123 1713 1036 1376 1814 1378 1559 1303 1054 1678 1961 1760 1326 1611 1561 1313 1546 1354 1207 1264 1480 1943 1326 1577 1541 1783 1996 1295 1616 1042 1082 1861 1382 1210 1945 1609 1117 1465 1799 1825 1297 1840 1149 1613 BCNSPRNW ULIB Ver.6.0+V

เปลี่ยนเป็นภาษาไทย

Change to English
 แสดงรายละเอียดบรรณานุกรม
  กลับหน้าหลัก

Brief Record : Get Marc (ISO 2709) : E-mail record : QR code < ปิดหน้าต่าง
LEADER : 00000nam a2200000 a 4500
001    13399128080
003     ULIB
008    220426s2564 th a 001 0 tha d
020    ^a9789740340072
040    ^abrv
060 04 ^aWM171.5^bส661ศ
100 0  ^aสายฝน เอกวรางกูร
245 10 ^aศาสตร์และศิลป์การบำบัดดูแลผู้สูงอายุที่มีภาวะซึมเศร้า /^cสายฝน เอกวรางกูร
250    ^aพิมพ์ครั้งที่ 1
260    ^aกรุงเทพฯ :^bสำนักพิมพ์จุฬาลงกรณ์มหาวิทยาลัย,^c2564
300    ^a231 หน้า :^bภาพประกอบ ;^c26 ซม.
504    ^aมีบรรณานุกรมและดัชนี
650  4 ^aการพยาบาลจิตเวชศาสตร์
650  4 ^aจิตเวชศาสตร์ผู้สูงอายุ
650  4 ^aภาวะซึมเศร้า
650  4 ^aโรคซึมเศร้า
650  4 ^aผู้สูงอายุ^zการดูแล
650  4 ^aผู้ป่วยจิตเวช
650  4 ^aผู้ป่วยจิตเวช^xการดูแล
650  4 ^aผู้สูงอายุ^xสุขภาพจิต
945    ^p280^l0^i29253
945    ^p280^l0^i29254
945    ^p280^l0^i29255
945    ^p280^l0^i29256
945    ^p280^l0^i29257
995    ^aัณชพร จุลอักษร
999    ^aกัณชพร จุลอักษร
รายการนี้ยังไม่มีแท็ก
คุณยังไม่ได้ล็อกอิน คุณสามารถมีกิจกรรมร่วมกับเว็บไซต์ได้ แต่ต้องล็อกอินก่อน ::
  ล็อกอิน

รายการสื่อสารสนเทศ

ลำดับที่ ประเภท เลขเรียก/บาร์โค้ด สถานที่ สถานะ
1. หนังสือสำรอง
หนังสือสำรอง
WM171.5 ส661ศ ฉ.1 
  Barcode: 29253
ห้องสมุดวิทยาเขตนครสวรรค์
►หนังสือทั่วไป:l:General Books
บนชั้น
2. วิทยาศาสตร์การแพทย์ และสุขภาพ
วิทยาศาสตร์การแพทย์ และสุขภาพ
WM171.5 ส661ศ ฉ.2 
  Barcode: 29254
ห้องสมุดวิทยาเขตนครสวรรค์
►หนังสือทั่วไป:l:General Books
บนชั้น
3. วิทยาศาสตร์การแพทย์ และสุขภาพ
วิทยาศาสตร์การแพทย์ และสุขภาพ
WM171.5 ส661ศ ฉ.3 
  Barcode: 29255
ห้องสมุดวิทยาเขตนครสวรรค์
►หนังสือทั่วไป:l:General Books
บนชั้น
4. วิทยาศาสตร์การแพทย์ และสุขภาพ
วิทยาศาสตร์การแพทย์ และสุขภาพ
WM171.5 ส661ศ ฉ.4 
  Barcode: 29256
ห้องสมุดวิทยาเขตนครสวรรค์
►หนังสือทั่วไป:l:General Books
บนชั้น
5. วิทยาศาสตร์การแพทย์ และสุขภาพ
วิทยาศาสตร์การแพทย์ และสุขภาพ
WM171.5 ส661ศ ฉ.5 
  Barcode: 29257
ห้องสมุดวิทยาเขตนครสวรรค์
►หนังสือทั่วไป:l:General Books
บนชั้น

รายการใกล้เคียง
    ผู้แต่ง [สายฝน เอกวรางกูร]

    หัวเรื่อง [การพยาบาลจิตเวชศาสตร์]
    หัวเรื่อง [จิตเวชศาสตร์ผู้สูงอายุ]
    หัวเรื่อง [ภาวะซึมเศร้า]
    หัวเรื่อง [โรคซึมเศร้า]
    หัวเรื่อง [ผู้สูงอายุ การดูแล]
    หัวเรื่อง [ผู้ป่วยจิตเวช]

BibComment


ยังไม่เคยถูกคอมเมนท์

คอมเมนท์ทรัพยากรรายการนี้
  คอมเมนท์: ศาสตร์และศิลป์กา..


 Copyright 2026. Bcnsprnw @Library